Flexible automation : (Record no. 6977)
[ view plain ]
| 000 -LEADER | |
|---|---|
| fixed length control field | 00741nam a22002172 4500 |
| 001 - CONTROL NUMBER | |
| control field | 0000005292 |
| 005 - DATE AND TIME OF LATEST TRANSACTION | |
| control field | 20151217152000.0 |
| 008 - FIXED-LENGTH DATA ELEMENTS--GENERAL INFORMATION | |
| fixed length control field | 070611s xx 000 0 eng d |
| 020 ## - INTERNATIONAL STANDARD BOOK NUMBER | |
| International Standard Book Number | 0631159711 : |
| Terms of availability | GBP 35.00 |
| 040 ## - CATALOGING SOURCE | |
| Original cataloging agency | KABU |
| Transcribing agency | KABU |
| 050 #0 - LIBRARY OF CONGRESS CALL NUMBER | |
| Classification number | TS155.6 |
| Item number | .E37 |
| 100 1# - MAIN ENTRY--PERSONAL NAME | |
| Personal name | Edquist, Charles. |
| -- | 0000156496 |
| 245 10 - TITLE STATEMENT | |
| Title | Flexible automation : |
| Remainder of title | the global difussion of new technology in the engineering industry / |
| Statement of responsibility, etc. | Charles Edquist and Staffan Jacobsson. |
| 260 ## - PUBLICATION, DISTRIBUTION, ETC. (IMPRINT) | |
| Place of publication, distribution, etc. | Oxford : |
| Name of publisher, distributor, etc. | Basil Blackwell, |
| Date of publication, distribution, etc. | 1988. |
| 300 ## - PHYSICAL DESCRIPTION | |
| Extent | 227 p. ; |
| Dimensions | 24 cm. |
| 650 #0 - SUBJECT ADDED ENTRY--TOPICAL TERM | |
| Topical term or geographic name as entry element | Flexible manufacturing systems. |
| -- | 0000156497 |
| 700 1# - ADDED ENTRY--PERSONAL NAME | |
| Personal name | Jacobsson, Staffan. |
| -- | 0000156498 |
| 908 ## - PUT COMMAND PARAMETER (RLIN) | |
| Put command parameter | 070611 |
| 950 ## - LOCAL HOLDINGS (RLIN) | |
| -- | 1 |
| Withdrawn status | Lost status | Source of classification or shelving scheme | Not for loan | Home library | Current library | Date acquired | Total Checkouts | Full call number | Barcode | Date last seen | Price effective from | Koha item type |
|---|---|---|---|---|---|---|---|---|---|---|---|---|
| Library of Congress Classification | Kabarak, Main Campus | Kabarak, Main Campus | 17/12/2015 | TS155.6 .E37 | 008365 | 17/12/2015 | 17/12/2015 | General Collection |